[Event "Europa ch 2014"]
[Site "Yerevan ARM"]
[Date "2014.03.03"]
[Round "1.123"]
[White "Hoghmrtsyan, Artur"]
[Black "Stupak, Kirill"]
[Result "0-1"]
[WhiteElo "1878"]
[BlackElo "2498"]
[PlyCount "76"]
[EventDate "2014.03.03"]
[EventType "swiss"]
[EventRounds "11"]
[EventCountry "ARM"]
[Source "lmi"]
[SourceDate "2014.03.02"]

1. e4 e6 2. d4 d5 3. Nd2 Nc6 4. Ngf3 Nf6 5. e5 Nd7 6. Nb3 a5 7. a4 Be7 8. c3 b6
9. Bd3 Ba6 10. O-O Ncb8 11. Bxa6 Nxa6 12. Ne1 c5 13. f4 g6 14. Be3 Nc7 15. Nf3
c4 16. Nbd2 b5 17. axb5 Nb6 18. b3 cxb3 19. Qxb3 a4 20. Qc2 Nxb5 21. Qd3 Na3
22. Rxa3 Bxa3 23. c4 Bb4 24. c5 Bxd2 25. Nxd2 Nc4 26. Nxc4 dxc4 27. Qxc4 O-O
28. f5 Qd5 29. Qxd5 exd5 30. Bh6 Rfb8 31. e6 fxe6 32. fxe6 a3 33. Bf4 Re8 34.
c6 a2 35. Ra1 Rxe6 36. c7 Re2 37. h3 Rc2 38. Kh2 Kf7 0-1

[Event "Europa ch 2014"]
[Site "Yerevan ARM"]
[Date "2014.03.03"]
[Round "1.124"]
[White "Babujian, Levon"]
[Black "Machkalyan, Haik"]
[Result "1-0"]
[WhiteElo "2491"]
[BlackElo "1874"]
[PlyCount "43"]
[EventDate "2014.03.03"]
[EventType "swiss"]
[EventRounds "11"]
[EventCountry "ARM"]
[Source "lmi"]
[SourceDate "2014.03.02"]

1. d4 d5 2. c4 e6 3. Nc3 Nf6 4. Nf3 b6 5. Bf4 Bb7 6. e3 Bd6 7. Ne5 O-O 8. Be2
Nbd7 9. O-O Qe7 10. Qa4 Bxe5 11. dxe5 Ne4 12. Qc2 Rfd8 13. cxd5 Nxc3 14. Qxc3
Bxd5 15. Qxc7 Rac8 16. Qxa7 Rc2 17. Bb5 Qc5 18. Bd3 Rxb2 19. e4 Bc4 20. Bxc4
Qxc4 21. Rad1 Qb5 22. Qc7 1-0

[Event "Europa ch 2014"]
[Site "Yerevan ARM"]
[Date "2014.03.03"]
[Round "1.125"]
[White "Hakobyan, Hovhannes H"]
[Black "Raznikov, Danny"]
[Result "0-1"]
[WhiteElo "1869"]
[BlackElo "2490"]
[PlyCount "86"]
[EventDate "2014.03.03"]
[EventType "swiss"]
[EventRounds "11"]
[EventCountry "ARM"]
[Source "lmi"]
[SourceDate "2014.03.02"]

1. e4 c5 2. Nf3 d6 3. d4 cxd4 4. Nxd4 Nf6 5. Nc3 a6 6. Be3 e5 7. Nf3 Qc7 8. a4
Be6 9. Be2 h6 10. O-O Qc6 11. Nd2 Nbd7 12. Bf3 Be7 13. Re1 O-O 14. Nf1 b5 15.
Ng3 Rfc8 16. Nd5 Bf8 17. c3 Qb7 18. Qd3 Bxd5 19. exd5 b4 20. c4 g6 21. b3 Nc5
22. Bxc5 Rxc5 23. Be4 h5 24. Qf3 Qe7 25. Bc2 Rc7 26. Ne2 Qd8 27. h3 Bg7 28. g4
hxg4 29. hxg4 Qd7 30. g5 Nh7 31. Qe3 Qg4+ 32. Ng3 Nxg5 33. Bd1 Qf4 34. Ra2 Qxe3
35. fxe3 f5 36. Rg2 Bf6 37. Rf1 e4 38. Nxf5 gxf5 39. Rxf5 Rf8 40. Rgxg5+ Bxg5
41. Rxg5+ Kh8 42. Rg4 Rf6 43. Rxe4 Rg7+ 0-1

[Event "Europa ch 2014"]
[Site "Yerevan ARM"]
[Date "2014.03.03"]
[Round "1.126"]
[White "Minasian, Artashes"]
[Black "Davtyan, Artur"]
[Result "1-0"]
[WhiteElo "2482"]
[BlackElo "1843"]
[PlyCount "87"]
[EventDate "2014.03.03"]
[EventType "swiss"]
[EventRounds "11"]
[EventCountry "ARM"]
[Source "lmi"]
[SourceDate "2014.03.02"]

1. e4 c5 2. Nc3 e6 3. f4 Nc6 4. Nf3 a6 5. d4 cxd4 6. Nxd4 Qc7 7. Nxc6 dxc6 8.
Be3 Nf6 9. Qf3 e5 10. f5 Bb4 11. a3 Bxc3+ 12. bxc3 Qa5 13. Bd2 Qa4 14. Bd3 c5
15. Qg3 O-O 16. Bh6 Nh5 17. Qg5 Qa5 18. Bxg7 Qxc3+ 19. Kf2 f6 20. Bxf6+ Kf7 21.
Bxe5 Qxe5 22. Bc4+ Ke8 23. Qxh5+ Kd8 24. Qh4+ Ke8 25. Rhd1 Bxf5 26. exf5 Rxf5+
27. Kg1 Rh5 28. Re1 Rxh4 29. Rxe5+ Kd7 30. Rd1+ Kc7 31. Re7+ Kb6 32. Bd5 Rd8
33. Rxb7+ Ka5 34. Rd3 Rf4 35. Rxh7 c4 36. Bxc4 Re8 37. Rh5+ Kb6 38. Rd6+ Kc7
39. Re6 Rd8 40. Rh7+ Kb8 41. Bd5 Rdf8 42. Rb6+ Kc8 43. Be6+ Kd8 44. Rb8# 1-0

[Event "Europa ch 2014"]
[Site "Yerevan ARM"]
[Date "2014.03.03"]
[Round "1.127"]
[White "Parvanyan, Ashot"]
[Black "Jurcik, Marian"]
[Result "0-1"]
[WhiteElo "1804"]
[BlackElo "2481"]
[PlyCount "134"]
[EventDate "2014.03.03"]
[EventType "swiss"]
[EventRounds "11"]
[EventCountry "ARM"]
[Source "lmi"]
[SourceDate "2014.03.02"]

1. Nf3 c5 2. c4 Nc6 3. d4 cxd4 4. Nxd4 Nf6 5. Nc3 e6 6. Ndb5 d5 7. cxd5 Nxd5 8.
Nxd5 exd5 9. Qxd5 Bb4+ 10. Bd2 O-O 11. Qxd8 Rxd8 12. O-O-O Bf5 13. Bxb4 Rxd1+
14. Kxd1 Nxb4 15. Nc3 Be6 16. a3 Nd5 17. e3 Rd8 18. Kc1 Nxc3 19. bxc3 Rd6 20.
Be2 Kf8 21. Bf3 Ra6 22. Kb2 Rb6+ 23. Kc2 Bb3+ 24. Kc1 Bc4 25. Bd1 Ra6 26. Kb2
Rf6 27. f3 Rd6 28. Kc2 Ke7 29. Re1 Rh6 30. Rh1 Kd6 31. Kc1 Kc5 32. Bc2 Bd5 33.
h3 Ra6 34. Kb2 Rb6+ 35. Kc1 Kc4 36. Rd1 Be6 37. f4 Kxc3 38. Rd3+ Kc4 39. f5 Bd5
40. Rd4+ Kc5 41. Rh4 Rh6 42. Rxh6 gxh6 43. g3 f6 44. Kd2 Bg2 45. h4 Kd5 46. g4
Bf3 47. e4+ Bxe4 48. Bb3+ Ke5 49. Ke3 Bd5 50. Bc2 Bc4 51. Bb1 b5 52. Bc2 a5 53.
Bb1 Bb3 54. Bd3 b4 55. axb4 axb4 56. Bb1 Bd1 57. g5 hxg5 58. hxg5 fxg5 59. f6
Kxf6 60. Bxh7 b3 61. Kd2 Bc2 62. Bg8 Ke5 63. Bc4 Kf4 64. Bd5 g4 65. Kc3 g3 66.
Bg2 Be4 67. Bh3 Bd5 0-1

[Event "Europa ch 2014"]
[Site "Yerevan ARM"]
[Date "2014.03.04"]
[Round "2.1"]
[White "Bacrot, Etienne"]
[Black "Onischuk, Vladimir"]
[Result "1/2-1/2"]
[WhiteElo "2739"]
[BlackElo "2583"]
[PlyCount "95"]
[EventDate "2014.03.03"]
[EventType "swiss"]
[EventRounds "11"]
[EventCountry "ARM"]
[Source "lmi"]
[SourceDate "2014.03.02"]

1. d4 Nf6 2. c4 g6 3. Nc3 Bg7 4. e4 d6 5. Nf3 O-O 6. Be2 e5 7. O-O Nc6 8. d5
Ne7 9. b4 Nh5 10. g3 f5 11. Ng5 Nf6 12. f3 f4 13. b5 Ne8 14. Ne6 Bxe6 15. dxe6
c5 16. Nd5 Nc7 17. Nxc7 Qxc7 18. Rf2 Rf6 19. Bf1 Rxe6 20. Bh3 Rf6 21. gxf4 exf4
22. Bb2 g5 23. Bxf6 Bxf6 24. Kh1 Kg7 25. Rd2 Rd8 26. Qg1 Ng6 27. Rad1 Ne5 28.
Qf1 h5 29. Bf5 Kh6 30. h4 gxh4 31. Rg2 Qe7 32. Rd5 h3 33. Rg1 Bg5 34. Qxh3 Rg8
35. Bg4 Bh4 36. Bc8 Rxg1+ 37. Kxg1 Nxc4 38. Qe6+ Qxe6 39. Bxe6 Ne5 40. Rxd6 Be7
41. Rd5 Nxf3+ 42. Kf1 c4 43. Rd7 Bb4 44. Ke2 Ne5 45. Rxb7 f3+ 46. Kd1 Bc5 47.
Rc7 Bb6 48. Rc8 1/2-1/2

[Event "Europa ch 2014"]
[Site "Yerevan ARM"]
[Date "2014.03.04"]
[Round "2.2"]
[White "Roiz, Michael"]
[Black "Eljanov, Pavel"]
[Result "1/2-1/2"]
[WhiteElo "2591"]
[BlackElo "2723"]
[PlyCount "81"]
[EventDate "2014.03.03"]
[EventType "swiss"]
[EventRounds "11"]
[EventCountry "ARM"]
[Source "lmi"]
[SourceDate "2014.03.02"]

1. d4 d5 2. c4 c6 3. Nf3 Nf6 4. e3 a6 5. Nc3 Bf5 6. Bd3 Bxd3 7. Qxd3 e6 8. O-O
Bb4 9. Bd2 O-O 10. Rfd1 Ba5 11. a3 Nbd7 12. b4 Bc7 13. e4 dxe4 14. Nxe4 Nxe4
15. Qxe4 Nf6 16. Qh4 h6 17. Bc3 Nh7 18. Qg4 Nf6 19. Qh4 Nh7 20. Qe4 Ng5 21.
Nxg5 Qxg5 22. d5 exd5 23. cxd5 Rfe8 24. Qf3 cxd5 25. Rxd5 Qf4 26. Qxf4 Bxf4 27.
g3 Rac8 28. Bd4 Red8 29. Rxd8+ Rxd8 30. Bc5 Be5 31. Re1 f6 32. f4 Bd4+ 33. Bxd4
Rxd4 34. Re7 Rd1+ 35. Kg2 Ra1 36. Rxb7 Rxa3 37. g4 a5 38. bxa5 Rxa5 39. f5 Ra3
40. h4 Rc3 41. h5 1/2-1/2

[Event "Europa ch 2014"]
[Site "Yerevan ARM"]
[Date "2014.03.04"]
[Round "2.3"]
[White "Malakhov, Vladimir"]
[Black "Grigoriants, Sergey"]
[Result "1/2-1/2"]
[WhiteElo "2717"]
[BlackElo "2574"]
[PlyCount "81"]
[EventDate "2014.03.03"]
[EventType "swiss"]
[EventRounds "11"]
[EventCountry "ARM"]
[Source "lmi"]
[SourceDate "2014.03.02"]

1. Nf3 c5 2. c4 Nc6 3. d4 cxd4 4. Nxd4 Nf6 5. Nc3 e6 6. a3 a6 7. e4 Qc7 8. Be2
b6 9. Be3 Bb7 10. Rc1 Bc5 11. b4 Nxd4 12. Bxd4 Bd6 13. Qd3 Rc8 14. Rd1 Be5 15.
Bxe5 Qxe5 16. O-O g5 17. Qd4 Qxd4 18. Rxd4 e5 19. Rd6 Rc6 20. Rxc6 Bxc6 21. f3
Ke7 22. Kf2 d6 23. Ke3 Bd7 24. Kd2 Rc8 25. Rc1 Be6 26. Nd5+ Nxd5 27. cxd5 Rxc1
28. Kxc1 Bc8 29. g4 b5 30. Kb2 Bd7 31. a4 h6 32. axb5 Bxb5 33. Bxb5 axb5 34. h3
Kd7 35. Kc2 Kc7 36. Kd2 f6 37. Kc2 Kb6 38. Kb3 Kb7 39. Kc3 Kb6 40. Kd3 Kc7 41.
Kc3 1/2-1/2

[Event "Europa ch 2014"]
[Site "Yerevan ARM"]
[Date "2014.03.04"]
[Round "2.4"]
[White "Iordachescu, Viorel"]
[Black "Jobava, Baadur"]
[Result "1/2-1/2"]
[WhiteElo "2583"]
[BlackElo "2716"]
[PlyCount "57"]
[EventDate "2014.03.03"]
[EventType "swiss"]
[EventRounds "11"]
[EventCountry "ARM"]
[Source "lmi"]
[SourceDate "2014.03.02"]

1. e4 c6 2. d4 d5 3. e5 Bf5 4. Nf3 e6 5. Be2 Nh6 6. O-O Be7 7. Nbd2 O-O 8. c3
Nd7 9. Re1 Bg6 10. Nf1 Nf5 11. Bd3 c5 12. Ng3 Nh4 13. Nxh4 Bxh4 14. Bxg6 fxg6
15. Be3 cxd4 16. cxd4 Qb6 17. Qg4 Bxg3 18. hxg3 Rfe8 19. Rec1 Nb8 20. Qe2 Qa6
21. Qxa6 Nxa6 22. Rc3 Rac8 23. Rac1 Rxc3 24. Rxc3 Kf7 25. g4 Re7 26. Rc8 Re8
27. Rc3 Re7 28. Rc8 Re8 29. Rc3 1/2-1/2

[Event "Europa ch 2014"]
[Site "Yerevan ARM"]
[Date "2014.03.04"]
[Round "2.5"]
[White "Khismatullin, Denis"]
[Black "Golod, Vitali"]
[Result "1-0"]
[WhiteElo "2714"]
[BlackElo "2573"]
[PlyCount "57"]
[EventDate "2014.03.03"]
[EventType "swiss"]
[EventRounds "11"]
[EventCountry "ARM"]
[Source "lmi"]
[SourceDate "2014.03.02"]

1. c4 e5 2. Nc3 Nf6 3. g3 Bb4 4. Bg2 O-O 5. Nf3 Re8 6. O-O e4 7. Nd4 Nc6 8. Nc2
Bxc3 9. dxc3 h6 10. Ne3 d6 11. b3 Ne7 12. Nd5 Nf5 13. Qc2 Nxd5 14. cxd5 e3 15.
Be4 Qg5 16. Qd3 Bd7 17. f4 Qg4 18. Bf3 Qh3 19. Bg2 Qg4 20. Bf3 Qh3 21. c4 h5
22. Bb2 h4 23. g4 Ng3 24. f5 Ne4 25. Qd4 Nf6 26. g5 c5 27. Qf4 Re5 28. Bg2 Qg4
29. gxf6 1-0

[Event "Europa ch 2014"]
[Site "Yerevan ARM"]
[Date "2014.03.04"]
[Round "2.6"]
[White "Jianu, Vlad-Cristian"]
[Black "Wojtaszek, Radoslaw"]
[Result "1/2-1/2"]
[WhiteElo "2574"]
[BlackElo "2713"]
[PlyCount "57"]
[EventDate "2014.03.03"]
[EventType "swiss"]
[EventRounds "11"]
[EventCountry "ARM"]
[Source "lmi"]
[SourceDate "2014.03.02"]

1. e4 c5 2. Nf3 d6 3. Bb5+ Nd7 4. d4 cxd4 5. Qxd4 a6 6. Bxd7+ Bxd7 7. c4 Nf6 8.
Bg5 e6 9. Nc3 Bc6 10. O-O Be7 11. Rfe1 O-O 12. Rad1 Qc7 13. Bxf6 Bxf6 14. Qxd6
Qb6 15. Qa3 Rfd8 16. Rxd8+ Qxd8 17. Rd1 Qc7 18. Qc5 Qf4 19. Re1 Rd8 20. h3 g6
21. e5 Bxf3 22. exf6 Bc6 23. Rxe6 fxe6 24. Qe7 Qc1+ 25. Kh2 Qf4+ 26. Kg1 Qc1+
27. Kh2 Qf4+ 28. Kg1 Qc1+ 29. Kh2 1/2-1/2

[Event "Europa ch 2014"]
[Site "Yerevan ARM"]
[Date "2014.03.04"]
[Round "2.7"]
[White "Grigoryan, Karen H"]
[Black "Tomashevsky, Evgeny"]
[Result "1/2-1/2"]
[WhiteElo "2572"]
[BlackElo "2711"]
[PlyCount "80"]
[EventDate "2014.03.03"]
[EventType "swiss"]
[EventRounds "11"]
[EventCountry "ARM"]
[Source "lmi"]
[SourceDate "2014.03.02"]

1. Nf3 Nf6 2. g3 d5 3. Bg2 c6 4. O-O Bg4 5. c4 e6 6. d3 Nbd7 7. cxd5 cxd5 8. h3
Bxf3 9. Bxf3 Bd6 10. e4 dxe4 11. dxe4 Be5 12. Na3 O-O 13. Qe2 Rc8 14. Be3 Qe7
15. Nc4 b5 16. Nxe5 Nxe5 17. Bg2 Nc4 18. Bd4 e5 19. Bc3 b4 20. Be1 a5 21. f3
Rfd8 22. Rc1 Qe6 23. b3 Na3 24. Bf2 h6 25. Rfe1 Rc3 26. Bc5 Rdd3 27. Bf2 Nh5
28. Kh2 Qg6 29. Rxc3 Rxc3 30. Rd1 Nc2 31. Rd8+ Kh7 32. Qb5 Nd4 33. Qe8 Qg5 34.
Qh8+ Kg6 35. Rd6+ f6 36. Qe8+ Kh7 37. Rd8 Nxf3+ 38. Bxf3 Rxf3 39. Qg8+ Kg6 40.
Qe8+ Kh7 1/2-1/2

[Event "Europa ch 2014"]
[Site "Yerevan ARM"]
[Date "2014.03.04"]
[Round "2.8"]
[White "Fressinet, Laurent"]
[Black "Parligras, Mircea-Emilian"]
[Result "1-0"]
[WhiteElo "2709"]
[BlackElo "2572"]
[PlyCount "137"]
[EventDate "2014.03.03"]
[EventType "swiss"]
[EventRounds "11"]
[EventCountry "ARM"]
[Source "lmi"]
[SourceDate "2014.03.02"]

1. Nf3 Nf6 2. g3 d5 3. Bg2 c5 4. O-O e6 5. c4 d4 6. e3 Nc6 7. exd4 cxd4 8. d3
h6 9. Bf4 Bd6 10. Bxd6 Qxd6 11. a3 a5 12. Nbd2 O-O 13. Qc2 a4 14. c5 Qc7 15.
Rfe1 e5 16. Nc4 Nd7 17. Rad1 Ra6 18. Re2 e4 19. Rxe4 Nxc5 20. Rh4 Rd8 21. Ncd2
Ra5 22. Ne4 Nxe4 23. Rxe4 Qd6 24. Nd2 Bf5 25. Rf4 Qc5 26. Nc4 Ra6 27. Rc1 Bg6
28. Qd1 Qb5 29. Be4 Bxe4 30. Rxe4 Qd5 31. Qe2 Qd7 32. Re1 g6 33. h4 h5 34. Qd2
b5 35. Ne5 Nxe5 36. Rxe5 Raa8 37. Qf4 Rf8 38. R1e4 Rad8 39. Rxh5 Qd6 40. Rxb5
Qc6 41. Rb4 Qc2 42. Rexd4 Rde8 43. Re4 Qxd3 44. Rxa4 Qb1+ 45. Kg2 Qxb2 46. Rxe8
Rxe8 47. Ra7 Qb3 48. Qf3 Rb8 49. a4 Qxf3+ 50. Kxf3 Rb3+ 51. Ke4 Rb2 52. f3 Rb4+
53. Ke5 Rb3 54. Kf4 Rb4+ 55. Kg5 Rb3 56. Kg4 Kg7 57. a5 Rb4+ 58. f4 Rb3 59. Rc7
Ra3 60. Rc5 f5+ 61. Kh3 Kh6 62. Rb5 Ra4 63. Re5 Ra3 64. Rd5 Ra4 65. h5 Kxh5 66.
g4+ Kh6 67. gxf5 Rxf4 68. a6 Kg5 69. f6+ 1-0

[Event "Europa ch 2014"]
[Site "Yerevan ARM"]
[Date "2014.03.04"]
[Round "2.9"]
[White "Vaganian, Rafael A"]
[Black "Kryvoruchko, Yuriy"]
[Result "0-1"]
[WhiteElo "2570"]
[BlackElo "2706"]
[PlyCount "106"]
[EventDate "2014.03.03"]
[EventType "swiss"]
[EventRounds "11"]
[EventCountry "ARM"]
[Source "lmi"]
[SourceDate "2014.03.02"]

1. d4 Nf6 2. Nf3 e6 3. e3 b6 4. Bd3 Bb7 5. O-O d5 6. b3 Bd6 7. Bb2 O-O 8. Ne5
c5 9. Nd2 Nc6 10. a3 Rc8 11. f4 Ne7 12. dxc5 Bxc5 13. Rf3 Nf5 14. Bxf5 exf5 15.
b4 Be7 16. Rg3 g6 17. Bd4 Re8 18. h4 h5 19. Nxg6 fxg6 20. Rxg6+ Kf7 21. Rg5 Ng4
22. Rg7+ Ke6 23. Nf3 Rg8 24. Rh7 Ba6 25. Ng5+ Bxg5 26. hxg5 Rc7 27. Rxh5 Qe8
28. Rh4 Kd7 29. Be5 Kc8 30. Rxg4 fxg4 31. Qxg4+ Rd7 32. Rd1 Kb7 33. Kf2 Bc4 34.
Bf6 Rf7 35. Qf5 Qc6 36. Rh1 d4 37. exd4 Be6 38. d5 Bxd5 39. Rh7 Rgf8 40. Be5
Rxh7 41. Qxh7+ Rf7 42. Qd3 Be4 43. Qb3 Rd7 44. Qc3 Qd5 45. Kg3 Qd2 46. Qxd2
Rxd2 47. Kh4 Rxg2 48. Kh5 Bxc2 49. Kh6 Kc6 50. Kg7 Kd5 51. Kf6 b5 52. Bb8 a6
53. Bc7 Rg3 0-1

[Event "Europa ch 2014"]
[Site "Yerevan ARM"]
[Date "2014.03.04"]
[Round "2.10"]
[White "Areshchenko, Alexander"]
[Black "Huzman, Alexander"]
[Result "1/2-1/2"]
[WhiteElo "2705"]
[BlackElo "2569"]
[PlyCount "83"]
[EventDate "2014.03.03"]
[EventType "swiss"]
[EventRounds "11"]
[EventCountry "ARM"]
[Source "lmi"]
[SourceDate "2014.03.02"]

1. e4 e6 2. d4 d5 3. e5 c5 4. c3 Nc6 5. Nf3 Bd7 6. Be2 Nge7 7. a3 c4 8. O-O Na5
9. Nbd2 Bc6 10. Qc2 Qd7 11. Bd1 Nc8 12. Re1 Nb6 13. Nf1 Nb3 14. Rb1 Ba4 15. Qe2
Nxc1 16. Rxc1 Bxd1 17. Rcxd1 O-O-O 18. Ne3 Kb8 19. Ng5 h6 20. Nh3 Be7 21. f4 g6
22. Rf1 Rdf8 23. Rf3 Qa4 24. Rdf1 Nd7 25. Kh1 Bd8 26. R3f2 Re8 27. Qf3 Qc6 28.
Qd1 Nb6 29. Ng1 Qa4 30. Qe2 h5 31. Rf3 Nc8 32. Rh3 Ne7 33. Nf3 Nf5 34. Nxf5
gxf5 35. Ng5 Bxg5 36. fxg5 h4 37. Rf4 Rhg8 38. Rhxh4 Rxg5 39. Rh7 Reg8 40. g3
Qe8 41. Qg2 a6 42. Qc2 1/2-1/2

[Event "Europa ch 2014"]
[Site "Yerevan ARM"]
[Date "2014.03.04"]
[Round "2.11"]
[White "Goganov, Aleksey"]
[Black "Almasi, Zoltan"]
[Result "1-0"]
[WhiteElo "2569"]
[BlackElo "2704"]
[PlyCount "97"]
[EventDate "2014.03.03"]
[EventType "swiss"]
[EventRounds "11"]
[EventCountry "ARM"]
[Source "lmi"]
[SourceDate "2014.03.02"]

1. Nf3 Nf6 2. g3 d5 3. Bg2 c6 4. c4 dxc4 5. O-O Nbd7 6. Qc2 Nb6 7. a4 a5 8. Na3
g6 9. Nxc4 Nxc4 10. Qxc4 Be6 11. Qc2 Bg7 12. e4 Qb6 13. d3 c5 14. Be3 Nd7 15.
Qd2 Bg4 16. Ng5 O-O 17. h3 Be6 18. f4 Bb3 19. e5 f6 20. exf6 exf6 21. Nf3 Bd5
22. d4 c4 23. f5 Qc6 24. fxg6 hxg6 25. Nh4 Rfe8 26. Rae1 Nf8 27. g4 Bxg2 28.
Qxg2 Qxg2+ 29. Kxg2 Kf7 30. Nf3 Nd7 31. d5 Kg8 32. Bd4 Bf8 33. Nh4 Kf7 34. Re6
Rxe6 35. dxe6+ Kxe6 36. Nxg6 Bc5 37. Nf4+ Kf7 38. Bc3 Nb6 39. Nh5 Nxa4 40. Bxf6
Ke6 41. g5 Rg8 42. h4 Bd6 43. Ng7+ Kd7 44. h5 Nc5 45. h6 Ne4 46. h7 Rh8 47. g6
Nxf6 48. Rxf6 Be5 49. Nh5 1-0

[Event "Europa ch 2014"]
[Site "Yerevan ARM"]
[Date "2014.03.04"]
[Round "2.13"]
[White "Palac, Mladen"]
[Black "Inarkiev, Ernesto"]
[Result "0-1"]
[WhiteElo "2561"]
[BlackElo "2698"]
[PlyCount "58"]
[EventDate "2014.03.03"]
[EventType "swiss"]
[EventRounds "11"]
[EventCountry "ARM"]
[Source "lmi"]
[SourceDate "2014.03.02"]

1. e4 e5 2. Nf3 Nc6 3. Bc4 Nf6 4. d3 Bc5 5. O-O O-O 6. Re1 a6 7. c3 Ba7 8. Bb3
Re8 9. Bg5 h6 10. Bh4 d6 11. Nbd2 g5 12. Bg3 Nh7 13. Nf1 Qf6 14. Ne3 Ne7 15. d4
Ng6 16. h3 h5 17. Qc2 c6 18. Nf5 Nf4 19. dxe5 dxe5 20. Rad1 Bc5 21. h4 Kh8 22.
hxg5 Nxg5 23. N3h4 Rg8 24. Kh2 Nge6 25. Bc4 a5 26. Bf1 Rg4 27. Qd2 Kh7 28. f3
Rxg3 29. Kxg3 Bg1 0-1

[Event "Europa ch 2014"]
[Site "Yerevan ARM"]
[Date "2014.03.04"]
[Round "2.15"]
[White "Alekseev, Evgeny"]
[Black "Yilmaz, Mustafa"]
[Result "1/2-1/2"]
[WhiteElo "2692"]
[BlackElo "2557"]
[PlyCount "97"]
[EventDate "2014.03.03"]
[EventType "swiss"]
[EventRounds "11"]
[EventCountry "ARM"]
[Source "lmi"]
[SourceDate "2014.03.02"]

1. d4 d5 2. c4 c6 3. cxd5 cxd5 4. Bf4 Nc6 5. e3 Nf6 6. Nc3 Bf5 7. Qb3 Na5 8.
Qa4+ Bd7 9. Qc2 e6 10. Bd3 Nc6 11. Qd1 Be7 12. h3 Rc8 13. Nf3 Nb4 14. Be2 Ne4
15. Qb3 O-O 16. O-O a5 17. Rfc1 Qe8 18. a3 a4 19. Qd1 Nxc3 20. bxc3 Nc6 21.
Qxa4 Ra8 22. Qc2 Bxa3 23. Rcb1 Be7 24. Rxa8 Qxa8 25. Qb2 Na5 26. Bc7 Bd8 27.
Bd6 Re8 28. Ne5 Qc8 29. Nxd7 Qxd7 30. Qb5 Nc6 31. Bg3 Re7 32. Bh4 f6 33. c4
dxc4 34. Bxc4 Kh8 35. Qh5 Bc7 36. Kh1 g5 37. Bg3 Bxg3 38. fxg3 Rg7 39. Rf1 Qe7
40. Qf3 Rf7 41. Qe4 Nd8 42. Kh2 Qd6 43. Qg4 Kg7 44. Bd3 h6 45. Kh1 Nc6 46. Qf3
Nb4 47. Bc4 Qc6 48. Qe2 Rc7 49. Bb3 1/2-1/2

[Event "Europa ch 2014"]
[Site "Yerevan ARM"]
[Date "2014.03.04"]
[Round "2.17"]
[White "Riazantsev, Alexander"]
[Black "Halkias, Stelios"]
[Result "1-0"]
[WhiteElo "2689"]
[BlackElo "2551"]
[PlyCount "125"]
[EventDate "2014.03.03"]
[EventType "swiss"]
[EventRounds "11"]
[EventCountry "ARM"]
[Source "lmi"]
[SourceDate "2014.03.02"]

1. e4 e5 2. Nf3 Nc6 3. Nc3 Nf6 4. Be2 d6 5. d4 Bg4 6. d5 Bxf3 7. Bxf3 Nd4 8.
Be3 c5 9. Be2 a6 10. O-O Be7 11. Bd3 O-O 12. a4 Rc8 13. Re1 Nd7 14. Qd2 f5 15.
exf5 Nxf5 16. Bxf5 Rxf5 17. Ne4 Qe8 18. a5 Qg6 19. Ra3 h6 20. c4 Rf7 21. Qd3
Nf6 22. Ng3 Qxd3 23. Rxd3 Bd8 24. Bd2 Rb8 25. Ra3 Bc7 26. h3 Nd7 27. Rc1 Rc8
28. Rb3 Rb8 29. Ra3 Rc8 30. Rb1 Rb8 31. Ne4 Nf6 32. Ng3 Nd7 33. Kf1 Rbf8 34.
Be3 Rb8 35. Ke2 Kf8 36. Ne4 Nf6 37. Ng3 Ne8 38. b4 cxb4 39. Rxb4 Bd8 40. Ne4
Rd7 41. Kd3 Nf6 42. Nxf6 Bxf6 43. Rab3 Bd8 44. Ba7 Ra8 45. Bb6 Be7 46. Be3 Bd8
47. Rxb7 Rxb7 48. Rxb7 Bxa5 49. c5 dxc5 50. Bxc5+ Kg8 51. d6 Bd8 52. Ke4 a5 53.
Kxe5 a4 54. Ba3 Bf6+ 55. Kd5 Re8 56. Ra7 Re5+ 57. Kc6 Re4 58. d7 Rc4+ 59. Bc5
Kh7 60. Kb5 Rc2 61. Rxa4 Rd2 62. Kc6 Kg6 63. Rd4 1-0

[Event "Europa ch 2014"]
[Site "Yerevan ARM"]
[Date "2014.03.04"]
[Round "2.18"]
[White "Cheparinov, Ivan"]
[Black "Dzagnidze, Nana"]
[Result "1-0"]
[WhiteElo "2681"]
[BlackElo "2546"]
[PlyCount "71"]
[EventDate "2014.03.03"]
[EventType "swiss"]
[EventRounds "11"]
[EventCountry "ARM"]
[Source "lmi"]
[SourceDate "2014.03.02"]

1. e4 c5 2. Nf3 e6 3. d4 cxd4 4. Nxd4 a6 5. Nc3 Qc7 6. Bd3 Nf6 7. Qe2 Bb4 8.
Bd2 d6 9. f4 e5 10. Nb3 O-O 11. a3 Bxc3 12. Bxc3 Re8 13. O-O Nbd7 14. Rae1 b5
15. fxe5 dxe5 16. Kh1 Bb7 17. Qe3 Rac8 18. Rf5 Re6 19. Qg3 Qb8 20. Bb4 Kh8 21.
Qh4 Qa7 22. Bd2 Kg8 23. Bg5 Ne8 24. Rf3 Qa8 25. Ref1 Nd6 26. Nd2 Nc5 27. Be7 f6
28. Bxf6 Nxd3 29. Rg3 Rc7 30. cxd3 Qc8 31. Bg5 Rg6 32. h3 Rc2 33. Be7 Nf7 34.
Rgf3 Qe6 35. Rxf7 h6 36. Bb4 1-0

[Event "Europa ch 2014"]
[Site "Yerevan ARM"]
[Date "2014.03.04"]
[Round "2.20"]
[White "Zhigalko, Sergei"]
[Black "Paichadze, Luka"]
[Result "1/2-1/2"]
[WhiteElo "2671"]
[BlackElo "2529"]
[PlyCount "197"]
[EventDate "2014.03.03"]
[EventType "swiss"]
[EventRounds "11"]
[EventCountry "ARM"]
[Source "lmi"]
[SourceDate "2014.03.02"]

1. e4 c6 2. d4 d5 3. e5 Bf5 4. Nf3 e6 5. Be2 Ne7 6. O-O c5 7. dxc5 Nbc6 8. Nc3
a6 9. Na4 Qc7 10. c3 Bg4 11. Bf4 Bxf3 12. Bxf3 Ng6 13. Bg3 Rd8 14. Re1 Ngxe5
15. Kh1 Be7 16. c4 dxc4 17. Qe2 Qa5 18. Bxe5 Nxe5 19. Qxe5 Bf6 20. Qe2 Qxa4 21.
Bxb7 Rd4 22. c6 Qa5 23. Red1 O-O 24. Rxd4 Bxd4 25. Rc1 c3 26. bxc3 Bb6 27. Bxa6
Ra8 28. Bb7 Qxa2 29. Qe5 Qa5 30. Qxa5 Rxa5 31. f4 Rc5 32. c4 Kf8 33. g3 Ke7 34.
Kg2 Bc7 35. Kf3 e5 36. f5 g6 37. Ke4 gxf5+ 38. Kxf5 Bd6 39. Ke4 f6 40. g4 Ra5
41. Bc8 Ra2 42. Bf5 h6 43. h4 Rd2 44. c5 Rd4+ 45. Ke3 Bc7 46. Ra1 Rb4 47. Ra8
Rb8 48. Ra7 Rb3+ 49. Ke4 Rb4+ 50. Kd3 Kd8 51. Kc3 Rb5 52. Kc4 Ra5 53. Rb7 Ra4+
54. Kd5 Ra5 55. Bd3 Ra4 56. Bf5 Ra5 57. Rb1 Ke7 58. Rb4 Ra6 59. Bd3 Ra3 60. Bb1
Ra6 61. Bf5 Ra5 62. Be4 Ra2 63. Bd3 Rd2 64. Ke4 Rf2 65. Rb7 Rf4+ 66. Ke3 Kd8
67. Ra7 Rb4 68. h5 Kc8 69. Ra2 Kd8 70. Kd2 Rxg4 71. Ra8+ Ke7 72. Rc8 Ba5+ 73.
Ke3 Rg3+ 74. Ke2 e4 75. Bxe4 Rg5 76. Bf3 Rxc5 77. Rh8 Rc2+ 78. Kd1 Rd2+ 79. Kc1
Rd3 80. Rh7+ Kd8 81. Be4 Rd4 82. Bc2 Rd6 83. Kb2 Rxc6 84. Rxh6 Rb6+ 85. Kc1 f5
86. Rh7 Rd6 87. Bxf5 Ke8 88. Kc2 Bd2 89. Bd3 Bg5 90. Rg7 Bh6 91. Rg8+ Ke7 92.
Kc3 Rd5 93. Be2 Rd8 94. Rg4 Rd6 95. Bf3 Rf6 96. Be2 Rd6 97. Kc4 Re6 98. Bd3 Re5
99. Bg6 1/2-1/2

[Event "Europa ch 2014"]
[Site "Yerevan ARM"]
[Date "2014.03.04"]
[Round "2.21"]
[White "Kovalev, Vladislav"]
[Black "Sutovsky, Emil"]
[Result "1-0"]
[WhiteElo "2548"]
[BlackElo "2652"]
[PlyCount "57"]
[EventDate "2014.03.03"]
[EventType "swiss"]
[EventRounds "11"]
[EventCountry "ARM"]
[Source "lmi"]
[SourceDate "2014.03.02"]

1. e4 c5 2. Nf3 d6 3. d4 cxd4 4. Nxd4 Nf6 5. Nc3 a6 6. Bg5 Nbd7 7. Bc4 Qa5 8.
Qd2 h6 9. Bh4 e6 10. O-O-O Be7 11. Kb1 Nc5 12. Rhe1 Qc7 13. Bg3 e5 14. Nf5 Bxf5
15. exf5 O-O 16. f4 e4 17. Nd5 Nxd5 18. Bxd5 Bf6 19. Bf2 Rac8 20. Bd4 Bxd4 21.
Qxd4 Rfe8 22. c3 b5 23. Re3 Kf8 24. f6 g6 25. Rh3 h5 26. g4 Ne6 27. gxh5 Nxf4
28. hxg6 Nxg6 29. Qg1 1-0